Home Print Resources E-Books E-Journals IIMT Lecture Series Library Membership Form Book Recommendation Form Campus Tour Take AdmissionAbout Us Contact Us

GRAMEEN.SAMAJSHATRA (Record no. 40809)

000 -LEADER
fixed length control field 00379nam a22001697a 4500
003 - CONTROL NUMBER IDENTIFIER
control field OSt
005 - DATE AND TIME OF LATEST TRANSACTION
control field 20240316120449.0
008 - FIXED-LENGTH DATA ELEMENTS--GENERAL INFORMATION
fixed length control field 171030b xxu||||| |||| 00| 0 eng d
020 ## - INTERNATIONAL STANDARD BOOK NUMBER
International Standard Book Number 978-8170040965
040 ## - CATALOGING SOURCE
Transcribing agency SEROSOFT
100 ## - MAIN ENTRY--PERSONAL NAME
Personal name SINGH ,DR.SAROJ
245 ## - TITLE STATEMENT
Title GRAMEEN.SAMAJSHATRA
250 ## - EDITION STATEMENT
Edition statement 2ND
260 ## - PUBLICATION, DISTRIBUTION, ETC.
Place of publication, distribution, etc. AGRA
Name of publisher, distributor, etc. STAR
Date of publication, distribution, etc. 2016
300 ## - PHYSICAL DESCRIPTION
Extent 175
942 ## - ADDED ENTRY ELEMENTS (KOHA)
Source of classification or shelving scheme
Koha item type Text-Book- for 7 days
Edition 2ND
Holdings
Withdrawn status Lost status Source of classification or shelving scheme Damaged status Not for loan Home library Current library Date acquired Source of acquisition Coded location qualifier Cost, normal purchase price Inventory number Full call number Barcode Date last seen Uniform Resource Identifier Price effective from Koha item type
          IIMT University Central Library Meerut IIMT University Central Library Meerut 10/28/2017 BANSAL BOOK DISTRIBUTOR HOME SCIEN 80.00 5944 R 01-B-125480 10/30/2017 SOCIALOGY 10/30/2017 Reference Book
          IIMT University Central Library Meerut IIMT University Central Library Meerut 10/28/2017 BANSAL BOOK DISTRIBUTOR HOME SCIEN 80.00 5944 621.38 SIN 01-B-125481 10/30/2017 SOCIALOGY 10/30/2017 Book Bank
          IIMT University Central Library Meerut IIMT University Central Library Meerut 10/28/2017 BANSAL BOOK DISTRIBUTOR HOME SCIEN 80.00 5944 621.38 SIN 01-B-125482 10/30/2017 SOCIALOGY 10/30/2017 Book Bank
          IIMT University Central Library Meerut IIMT University Central Library Meerut 10/28/2017 BANSAL BOOK DISTRIBUTOR HOME SCIEN 80.00 5944 621.38 SIN 01-B-125483 10/30/2017 SOCIALOGY 10/30/2017 Book Bank
          IIMT University Central Library Meerut IIMT University Central Library Meerut 10/28/2017 BANSAL BOOK DISTRIBUTOR HOME SCIEN 80.00 5944 621.38 SIN 01-B-125484 10/30/2017 SOCIALOGY 10/30/2017 Book Bank
IIMT, Central Library. All Rights Reserved IIMT,UNIVERSITY © 2023
Implemented and Customised by I CLOUDE EMS
You Are OPAC Visitor No
free web counter

Powered by Koha